00929cgm a22002297a 450000500170000000700100001700800420002702000180006904000130008708200220010010000280012224501500015024600190030026000810031930000140040065300230041470000320043771000400046994200300050999900170053995201430055620201125063856.0vd cgaizm140923t2014 xxx f |||| 0| vneng d- a9781133317388 aEG-ScBUE00222a428.0071bSHE1 aSherman, Kristin93114410aPathways 3h[videorecording] :breading, writing, and critical thinking : assessment CD-ROM exam view /cKristin Sherman and Katerina Mestheneou.3 aPathways three a[S. l.] :bNational Geographic Learning :bHeinle Cengage Learning,cc.2014. a1 CD-ROM. bEEENGcOctober20141 aMestheneou, Katerina9361312 aNational Geographic Learning935969 2ddccCDRk428.0071 SHE TR c18425d18397 00102ddc40708BaccahaMAINbMAINc2NDd2014-10-01epurchasel1m10o428.0071 SHE TRp000036380r2022-08-24 00:00:00s2014-10-01yCDVDTR